000 00327nam a22001337a 4500
008 170824b xxu||||| |||| 00| 0 eng d
020 _a9780321756664
041 _aeng
080 _211 ED
_a51
100 _a38
101 _aMAT
245 _aAN PROBLEMS SOLVING APPROACH TO MATHEMATICS
_cLOTT.B
942 _2udc
_cBK
999 _c24886
_d24886